| 000 | 04492nam a22004337a 4500 | ||
|---|---|---|---|
| 005 | 20100928113853.0 | ||
| 010 | _aHIN-90662 B-430326-339 | ||
| 020 |
_a9788188164233 _c450.00 |
||
| 035 | _aHN-63008 | ||
| 035 | _aB-430326-339 | ||
| 037 | _bDBAD / PUB | ||
| 037 | _bआर.बी.सी. | ||
| 082 | _a824 | ||
| 100 |
_aशर्मा, राजेश _927612 |
||
| 245 |
_aनव-आधुनिक हिन्दी निबन्ध / _cराजेश शर्मा एवं कपिल शर्मा |
||
| 246 |
_anav aadhunik hindi niband _bby Rajesh Sharma& Kapil Sharma |
||
| 260 |
_aदिल्ली _bपंकज पुस्तक मंदिर _c2010 |
||
| 270 |
_a77/1, ईस्ट आजाद नगर _bदिल्ली _e110051 |
||
| 300 |
_a304पृ. _c22सेमी (सजिल्द) |
||
| 650 |
_aहिन्दी निबन्ध _927613 |
||
| 700 |
_aशर्मा, कपिल _922273 |
||
| 942 |
_2ddc _cHN _h824 _mशर्मारा |
||
| 999 |
_c47940 _d47940 |
||